Анимационное движение Учебно-методическая литература
Учебно-методическое пособие включает теоретический материал связанный с изучением основ мультипликационного творчества создания и одушевления анимационных персонажей а также различных видов анимационного движения. Содержит комплекс практических художественно-творческих упражнений предназначенных для...
Bewaard in:
| Hoofdauteur: | |
|---|---|
| Formaat: | Учебно-методическая литература |
| Editie: | 1 |
| Reeks: | Высшее образование |
| Online toegang: | https://znanium.com/catalog/document?id=400107 https://znanium.com/cover/1851/1851335.jpg |
| Tags: |
Voeg label toe
Geen labels, Wees de eerste die dit record labelt!
|
| LEADER | 03290nam0a2200325 i 4500 | ||
|---|---|---|---|
| 001 | RU\infra-m\znanium\bibl\1851335 | ||
| 003 | https://znanium.com/catalog/document?id=400107 | ||
| 005 | 20220412000000.0 | ||
| 010 | |a 978-5-16-017396-2 | ||
| 010 | |a 978-5-16-110036-3 |b электр. издание | ||
| 100 | |a 20220412d2022 m y0rusy0150 ca | ||
| 101 | 0 | |a rus | |
| 102 | |a RU | ||
| 200 | 1 | |a Анимационное движение |e Учебно-методическая литература |f Российский государственный педагогический университет им. А.И. Герцена | |
| 205 | |a 1 | ||
| 210 | 1 | |a Москва |c ООО "Научно-издательский центр ИНФРА-М" |d 2022 | |
| 215 | |a 64 с. | ||
| 225 | 1 | |a Высшее образование | |
| 330 | |a Учебно-методическое пособие включает теоретический материал связанный с изучением основ мультипликационного творчества создания и одушевления анимационных персонажей а также различных видов анимационного движения. Содержит комплекс практических художественно-творческих упражнений предназначенных для изучения различных аспектов разработки классического анимационного движения. Предназначено для студентов художественных и педагогических вузов обучающихся по направлениям подготовки 44.03.01 «Педагогическое образование» (направленность (профиль) «Художественное образование в области визуальных искусств» «Художественное образование в области дизайна»); 54.03.00 «Изобразительные и прикладные виды искусства» (специальность 54.03.01 «Дизайн»); 54.05.03 «Графика» (программа «Художник анимации и компьютерной графики»). | ||
| 333 | |a ВО - Бакалавриат | ||
| 606 | |a Архитектура. Искусство |x Фотоискусство. Киноискусство |2 local | ||
| 608 | |a Учебно-методическая литература |2 local | ||
| 675 | |a 004.928(075.8) |z rus | ||
| 686 | |a 85.377я73 |2 rubbk | ||
| 686 | |a 44.03.05 |2 okso | ||
| 686 | |a 54.03.01 |2 okso | ||
| 700 | 1 | |a Дмитриева |b Н.С. |g Наталья Сергеевна |p Российский государственный педагогический университет им. А.И. Герцена | |
| 801 | 0 | |a RU |b Общество с ограниченной ответственностью «ЗНАНИУМ» |c 20211029 |2 rusmarc | |
| 856 | 4 | |a znanium.com |m ebs_support@infra-m.ru |n НИЦ ИНФРА-М |u https://znanium.com/catalog/document?id=400107 | |
| 856 | 4 | 1 | |a znanium.com |d /cover/1851 |f 1851335.jpg |q image/jpeg |u https://znanium.com/cover/1851/1851335.jpg |